LEADER 01273nam a2200265 i 4500 001 000000037312 003 CaOOAMICUS 005 20110104000000.0 008 110104s1991 it u000 u ita u 013 $a7542 020 $a88-85918-64-6 040 $aSeMil$bita 100 1 $aPeloso, Flavio,$d<1952- >.$0(OLS)http://semarc/name/17783 245 10$aSanti e santità dopo il Concilio Vaticano 2. :$bstudio teologico-liturgico delle orazioni proprie dei nuovi beati e santi /$cFlavio Peloso. 260 $aRoma :$bCLV Edizioni Liturgiche,$c1991. 300 $a269 p. ;$c24 cm. 490 0 $aBibliotheca Ephemerides Liturgicae. Subsidia ;$v61 650 4$aLiturgia - Studi.$0(OLS)http://semarc/subject/166 830 0$aBibliotheca Ephemerides Liturgicae. Subsidia ;$v61.$0(OLS)http://semarc/title/38 850 $aSeMil 852 $aSeMil$W1$xVenegono$y1$m3KA A 61$j226690$B3467$CSeMilBibl$Z2$F3467 $81 961 $aAcquisto: Casa editrice 996 $6020$a88-85918-64-6$9(OLS)http://semarc/number/6262 996 $6245$aSanti e santità dopo il Concilio Vaticano 2. :$bstudio teologico-liturgico delle orazioni proprie dei nuovi beati e santi$9(OLS)http://semarc/title/52173 996 $6260$aRoma :$bCLV Edizioni Liturgiche$9(OLS)http://semarc/publisher/29627 LEADER 00928nam a2200217 i 4500 001 000000199217 003 CaOOAMICUS 005 20110318000000.0 008 110318s1882 it u000 u ita u 013 $a177908 040 $aSeMil$bita 100 1 $aMoglia, Agostino .$0(OLS)http://semarc/name/35221 245 12$aI suareziani e l'abate Rosmini :$bdiscorso primo /$cdel prevosto Agostino Moglia. 260 $aPiacenza :$bTip. Francesco Solari,$c1882. 300 $a50 p. ;$c21 cm. 600 14$aRosmini Serbati, Antonio .$0(OLS)http://semarc/subject/791 773 0 $t[Opuscoli filosofici.$w()24565 850 $aSeMil 852 $aSeMil$W1$xVenegono$y1$m5B I 25/3 FA$j149770$B149770$CSeMilBibl$Z2$F161136 $8I 996 $6245$aI suareziani e l'abate Rosmini :$bdiscorso primo$9(OLS)http://semarc/title/288053 996 $6260$aPiacenza :$bTip. Francesco Solari$9(OLS)http://semarc/publisher/44197